00402nam a2200085Ia 4500008004100000245015500041260000900196300009100205650002000296180130s9999 xx 000 0 und d cChapman, L. Kevin; DeLapp, Ryan C.T.; Williams, Monnica T.aImpact of race, ethnicity, and culture on the expression and assessment of psychopathology c2014 aBook title: Adult psychopathology and diagnosis--Acession number C20776; pages 131-162 aPSYCHOPATHOLOGY